|
|
|
|
| LEADER |
00000cam a2200000 7i4500 |
| 001 |
0000006105 |
| 002 |
000006595 |
| 005 |
20000330.0 |
| 020 |
|
|
|a 9676529303
|
| 090 |
0 |
0 |
|a 910
|b MAR
|
| 100 |
0 |
|
|a Marsan Osman
|
| 245 |
1 |
0 |
|a Visi cemerlang PMR :
|b geografi tingkatan 1,2 dan 3
|c Marsan Osman
|
| 260 |
|
|
|a K.L :
|b Penerbit Fajar Bakti Sdn.Bhd ,
|c 1995
|
| 300 |
|
|
|a 427p. ;
|c 26cm.
|
| 490 |
0 |
|
|a Visi cemerlang Fajar Bakti
|
| 650 |
0 |
0 |
|a Geography
|x PMR
|
| 999 |
|
|
|a 038254
|b BUKU
|c RUJUKAN
|e PERPUSTAKAAN KOMUNITI PETALING JAYA
|
| 999 |
|
|
|a 038255
|b BUKU
|c RUJUKAN
|e PERPUSTAKAAN KOMUNITI PETALING JAYA
|